Cardiff Airport Destinations (Cardiff, Wales, UK) - Statistics

General Stats
  • This quiz has been taken 175 times
    38 since last reset
  • The average score is 15 of 31
Answer Stats
Airline Destination % Correct
KLM Amsterdam
93%
Ryanair Dublin
93%
Aer Lingus Belfast (City)
86%
Ryanair/TUI Airways/Vueling Málaga
79%
TUI Airways Palma de Mallorca
79%
Ryanair/TUI Airways/Vueling Alicante
75%
TUI Airways Gran Canaria
68%
TUI Airways Ibiza
68%
TUI Airways Corfu
61%
TUI Airways Menorca
61%
Ryanair/TUI Airways Tenerife (South)
61%
Ryanair/TUI Airways Faro
57%
TUI Airways Heraklion
57%
TUI Airways Kos
57%
TUI Airways Lanzarote
57%
TUI Airways Fuerteventura
50%
TUI Airways Rhodes
50%
WestJet Toronto (Pearson)
46%
TUI Airways Antalya
43%
TUI Airways Paphos
43%
TUI Airways Larnaca
36%
TUI Airways Zakynthos
36%
TUI Airways Dalaman
29%
TUI Airways Kefalonia
25%
TUI Airways Dubrovnik
21%
TUI Airways Hurghada
21%
TUI Airways Enfidha
18%
TUI Airways Burgas
14%
TUI Airways Reus
11%
TUI Airways Chambéry
7%
TUI Airways Salzburg
4%
No matching quizzes found
Score Distribution
Percent of People with Each Score
Percentile by Number Answered
Your Score History
You have not taken this quiz since the last reset